Từ vựng căn bản, sơ cấp 1-3

Na minha lista:
Detalhes bibliográficos
Formato: Livro
Tags: Adicionar Tag
Sem tags, seja o primeiro a adicionar uma tag!
Thư viện lưu trữ: Mạng thư viện Đại học Đà Nẵng
LEADER 00439nam a22001691a 4500
001 000036685
003 12980
005 20160412012708.0
008 160412s0 000
082 |a 4T(07)75 
245 |a Từ vựng căn bản, sơ cấp 1-3  |c Bộ phận chuyên môn Pisc 
OWN |a LNN 
999 |a From the UDN01 
TYP |a Monograph 
980 |a Mạng thư viện Đại học Đà Nẵng